<?xml version="1.0" encoding="UTF-8"?>
<marc:record xmlns:marc="http://www.loc.gov/MARC21/slim">
   <marc:leader>00000nam a2200000 a 4500</marc:leader>
   <marc:datafield ind1="1" ind2=" " tag="100">
      <marc:subfield code="a">Maas, Annette</marc:subfield>
      <marc:subfield code="4">aut</marc:subfield>
      <marc:subfield code="e">Verfasser/-in</marc:subfield>
   </marc:datafield>
   <marc:datafield ind1=" " ind2=" " tag="653">
      <marc:subfield code="a">Kindersachbuch</marc:subfield>
   </marc:datafield>
   <marc:datafield ind1=" " ind2=" " tag="653">
      <marc:subfield code="a">Sachbücher und Sachbilderbücher für Kinder und Jugendliche: Tiere, Pflanzen, Natur, Umwelt</marc:subfield>
   </marc:datafield>
   <marc:datafield ind1="0" ind2="0" tag="245">
      <marc:subfield code="a">Mein weit gereister Erdbeerjoghurt</marc:subfield>
   </marc:datafield>
   <marc:datafield ind1="0" ind2="0" tag="245">
      <marc:subfield code="b">wie unsere Ernährung die Umwelt beeinflusst</marc:subfield>
   </marc:datafield>
   <marc:datafield ind1="0" ind2="0" tag="245">
      <marc:subfield code="c">Maas, Annette</marc:subfield>
   </marc:datafield>
   <marc:datafield ind1=" " ind2="1" tag="264">
      <marc:subfield code="a">München</marc:subfield>
      <marc:subfield code="b">arsEdition</marc:subfield>
   </marc:datafield>
   <marc:datafield ind1="1" ind2=" " tag="520">
      <marc:subfield code="a">Angaben aus der Verlagsmeldung &#xD;
&#xD;
 &#xD;
&#xD;
  Mein weit gereister Erdbeerjoghurt : Wie unsere Ernährung die Umwelt beeinflusst / von Annette Maas &#xD;
&#xD;
 &#xD;
&#xD;
 1,7 Erden &#xD;
 &#xD;
Jeden Tag greifen wir selbstverständlich in unseren Kühlschrank, gehen regelmäßig in den Supermarkt und kaufen uns, vorauf wir Lust haben. Ernährung steht aber nicht nur im Zusammenhang mit unserer Gesundheit und unserem Wohlbefinden, sondern auch mit unserer Umwelt. Um u. a. unsere jetzige Ernährungsweise aufrechtzuerhalten, würden wir 1,7 Erden benötigen, d.h. wir verbrauchen mehr Rohstoffe als eigentlich vorhanden sind.     &#xD;
&#xD;
 &#xD;
&#xD;
 Klima auf dem Teller &#xD;
In diesem Buch wird anschaulich erklärt, dass wie und was wir essen beeinflusst, wie es den Planeten Erde geht. Es kommen verschiedene Themen zur Sprache: was das Pausenbrot mit dem ökologischen Fußabdruck zu tun hat, warum in einem Erdbeerjoghurt 9000 km Transport stecken, ob wir Fische bald nur noch im Aquarium sehen, was die Sojabohne mit dem Regenwald zu tun hat, aber auch, wie sich unsere Ernährung auf unseren Körper auswirkt.     &#xD;
&#xD;
 &#xD;
• Ernährungsweise: Dieser Titel liefert Fakten wie das Essverhalten in den Industrienationen die Umwelt und den Treibhausgas-Ausstoß beeinflusst&#xD;
• Erde retten – Zukunft sichern: Geschärft wird das Bewusstsein der Kinder für Zusammenhänge und dafür, dass es gar nicht viel ist, was man verändern muss. Kinder, die mit Fridays for Future aufwachsen, interessieren sich zunehmend für globale Zusammenhänge und wollen diese verstehen&#xD;
 • Ist das gesund oder nicht? Was passiert mit der Nahrung in unserem Körper? Was ist das Fast-Food-Experiment? Diese und andere Fragen werden im letzten Kapitel des Buches beantwortet. Zusätzlich mit kleiner Einkaufskunde</marc:subfield>
   </marc:datafield>
   <marc:datafield ind1=" " ind2=" " tag="020">
      <marc:subfield code="a">9783845834474</marc:subfield>
      <marc:subfield code="9">9783845834474</marc:subfield>
   </marc:datafield>
   <marc:datafield ind1=" " ind2=" " tag="020">
      <marc:subfield code="a">3845834471</marc:subfield>
      <marc:subfield code="9">3845834471</marc:subfield>
   </marc:datafield>
   <marc:datafield ind1=" " ind2=" " tag="041">
      <marc:subfield code="a">ger</marc:subfield>
   </marc:datafield>
   <marc:datafield ind1=" " ind2=" " tag="300">
      <marc:subfield code="b">Illustrationen</marc:subfield>
   </marc:datafield>
   <marc:datafield ind1="1" ind2=" " tag="521">
      <marc:subfield code="a">Kind</marc:subfield>
   </marc:datafield>
   <marc:datafield ind1=" " ind2=" " tag="338">
      <marc:subfield code="a">Band</marc:subfield>
   </marc:datafield>
   <marc:datafield ind1=" " ind2=" " tag="300">
      <marc:subfield code="a">75 Seiten</marc:subfield>
   </marc:datafield>
</marc:record>
